Beagle in a backpack / (Record no. 1035)

MARC details
000 -LEADER
fixed length control field 00944cam a22003013a 4500
005 - DATE AND TIME OF LATEST TRANSACTION
control field 20230908162302.0
020 ## - INTERNATIONAL STANDARD BOOK NUMBER
International Standard Book Number 9780439775212
040 ## - CATALOGING SOURCE
Original cataloging agency BVD
Transcribing agency BVD
Modifying agency OCLCQ
-- IHI
-- DLC
Language of cataloging eng
050 00 - LIBRARY OF CONGRESS CALL NUMBER
Classification number PZ7.B1405
082 ## - DEWEY DECIMAL CLASSIFICATION NUMBER
Classification number Fic
100 1# - MAIN ENTRY--PERSONAL NAME
Personal name Baglio, Ben M.
245 10 - TITLE STATEMENT
Title Beagle in a backpack /
Statement of responsibility, etc. Ben M. Baglio ; illustrated by Ann Baum.
260 ## - PUBLICATION, DISTRIBUTION, ETC.
Place of publication, distribution, etc. New York :
Name of publisher, distributor, etc. Scholastic,
Date of publication, distribution, etc. 1996.
300 ## - PHYSICAL DESCRIPTION
Extent 142 pages :
Other physical details illustrations ;
Dimensions 20 cm
490 ## - SERIES STATEMENT
Series statement Animal Ark
505 ## - FORMATTED CONTENTS NOTE
Formatted contents note S <br/>
520 ## - SUMMARY, ETC.
Summary, etc. Mandy and James are distracted from Halloween planning when a local girl runs away from home with a stolen beagle puppy.
521 ## - TARGET AUDIENCE NOTE
Target audience note 790 <br/>
Source Lexile <br/>
521 ## - TARGET AUDIENCE NOTE
Target audience note N <br/>
Source Raz-Plus <br/>
650 #1 - SUBJECT ADDED ENTRY--TOPICAL TERM
Topical term or geographic name entry element Dogs
Form subdivision Fiction.
650 #1 - SUBJECT ADDED ENTRY--TOPICAL TERM
Topical term or geographic name entry element Runaways
Form subdivision Fiction.
650 #1 - SUBJECT ADDED ENTRY--TOPICAL TERM
Topical term or geographic name entry element Halloween
Form subdivision Fiction.
700 1# - ADDED ENTRY--PERSONAL NAME
Personal name Baum, Ann.
700 1# - ADDED ENTRY--PERSONAL NAME
Personal name Baglio, Ben M.
Title of a work Animal Ark.
906 ## - LOCAL DATA ELEMENT F, LDF (RLIN)
a 7
b cbc
c copycat
d 2
e ncip
f 20
g y-gencatlg
942 ## - ADDED ENTRY ELEMENTS (KOHA)
Source of classification or shelving scheme Dewey Decimal Classification
Koha item type Books
Suppress in OPAC No
999 ## -
-- 1035
-- 1035
Holdings
Withdrawn status Lost status Source of classification or shelving scheme Damaged status Not for loan Collection Home library Current library Shelving location Date acquired Total Checkouts Full call number Barcode Date last seen Date last checked out Price effective from Koha item type
    Dewey Decimal Classification     Juvenile Fiction Footprints International School Library Network Toul Kork Campus Footprints International School Library Network Toul Kork Campus   07/19/2023 1 BAG Fic 813.54 FIS03108 01/09/2024 12/05/2023 07/19/2023 Books